[Event "Madrid-ch 2020-2021 - Previa A"]
[Site "Madrid ESP"]
[Date "2021.02.08"]
[Round "1.1"]
[White "Villodre Miranda, Juan Alonso"]
[Black "Morera Rodriguez, Ignacio"]
[Result "0-1"]
[WhiteElo "1577"]
[BlackElo "1924"]
[PlyCount "77"]
[EventDate "2021.02.08"]
[EventType "swiss"]
[EventRounds "9"]
[EventCountry "ESP"]
[SourceTitle "Ajedrez en Madrd"]
[Source "lmi"]
[SourceDate "2021.02.08"]
[SourceVersion "1"]
[SourceVersionDate "2021.03.04"]
[SourceQuality "1"]

1. c4 Nf6 2. Nc3 e5 3. e4 Nc6 4. g3 Bc5 5. h3 d6 6. Bg2 h5 7. Nf3 a6 8. d3 Nd4
9. Nxd4 Bxd4 10. Ne2 Bc5 11. Bg5 c6 12. Nc3 Be6 13. O-O Qd7 14. Bxf6 gxf6 15.
Kh2 f5 16. exf5 Bxf5 17. f4 O-O-O 18. Qf3 exf4 19. Qxf4 Bxd3 20. Rfd1 Bh7 21.
Ne4 Bxe4 22. Bxe4 Kb8 23. a3 Rhg8 24. b4 Bb6 25. c5 Bc7 26. Rd3 d5 27. Qf5 Qe7
28. Bg2 h4 29. Rf1 Bxg3+ 30. Kh1 Qe2 31. Qf3 Rde8 32. Rfd1 Qxf3 33. Rxf3 Re2
34. Rdf1 Be5 35. R3f2 Rxf2 36. Rxf2 f6 37. Rf3 Kc7 38. Kg1 Re8 39. Re3 0-1

[Event "Madrid-ch 2020-2021 - Previa A"]
[Site "Madrid ESP"]
[Date "2021.02.08"]
[Round "1.2"]
[White "Pujante Martinez, Rafael"]
[Black "Martinez Miura, Enrique"]
[Result "1-0"]
[WhiteElo "1911"]
[BlackElo "1571"]
[PlyCount "105"]
[EventDate "2021.02.08"]
[EventType "swiss"]
[EventRounds "9"]
[EventCountry "ESP"]
[SourceTitle "Ajedrez en Madrd"]
[Source "lmi"]
[SourceDate "2021.02.08"]
[SourceVersion "1"]
[SourceVersionDate "2021.03.04"]
[SourceQuality "1"]

1. e4 e6 2. d4 d5 3. Nd2 dxe4 4. Nxe4 Nd7 5. Nf3 Be7 6. Bd3 Ngf6 7. O-O Nxe4 8.
Bxe4 Nf6 9. Bd3 O-O 10. c3 b6 11. Qc2 Bb7 12. Ng5 g6 13. Nh3 Rc8 14. Bh6 Re8
15. Rad1 Bf8 16. Bxf8 Rxf8 17. Rfe1 Qd5 18. f3 c5 19. dxc5 Qxc5+ 20. Kh1 Nd5
21. Qd2 Rfd8 22. Qh6 Qf8 23. Qh4 Qg7 24. Ng5 Nf6 25. Bc4 Rxd1 26. Rxd1 Bd5 27.
Ba6 Rb8 28. Qf4 Nd7 29. c4 e5 30. Qd2 Bb7 31. Bxb7 Rxb7 32. Qd5 Nc5 33. Qc6 Rb8
34. Qc7 Qf8 35. Qxa7 h6 36. Nh3 e4 37. fxe4 Nxe4 38. Qc7 Qe8 39. Qf4 g5 40. Qf3
Qe6 41. b3 g4 42. Qf4 Re8 43. Nf2 Nc3 44. Rf1 Qe2 45. Qxg4+ Qxg4 46. Nxg4 Kg7
47. a3 Re2 48. h3 Ne4 49. Rf3 Re1+ 50. Kh2 Nd2 51. Rd3 Nf1+ 52. Kg1 Ne3+ 53.
Kf2 1-0

[Event "Madrid-ch 2020-2021 - Previa A"]
[Site "Madrid ESP"]
[Date "2021.02.08"]
[Round "1.3"]
[White "Alonso Pardo, Daniel"]
[Black "Gutierrez Diaz, Pablo"]
[Result "0-1"]
[WhiteElo "1568"]
[BlackElo "1879"]
[PlyCount "50"]
[EventDate "2021.02.08"]
[EventType "swiss"]
[EventRounds "9"]
[EventCountry "ESP"]
[SourceTitle "Ajedrez en Madrd"]
[Source "lmi"]
[SourceDate "2021.02.08"]
[SourceVersion "1"]
[SourceVersionDate "2021.03.04"]
[SourceQuality "1"]

1. e4 c5 2. Nf3 Nc6 3. c3 Nf6 4. Qc2 g6 5. a3 Bg7 6. d4 cxd4 7. cxd4 d6 8. h3
O-O 9. Bd3 e5 10. d5 Nd4 11. Nxd4 exd4 12. O-O Nd7 13. f4 Nc5 14. Nd2 f5 15. e5
Nxd3 16. Qxd3 dxe5 17. fxe5 Qxd5 18. Nf3 f4 19. Rd1 Rd8 20. Bxf4 Bf5 21. Qxd4
Qb3 22. Qxd8+ Rxd8 23. Rxd8+ Kf7 24. Rad1 h6 25. Rc1 Qb6+ 0-1

[Event "Madrid-ch 2020-2021 - Previa A"]
[Site "Madrid ESP"]
[Date "2021.02.08"]
[Round "1.4"]
[White "Vukotic Jovsic, Dragan"]
[Black "Diaz-Roncero Gonzalez, Daniel"]
[Result "1-0"]
[WhiteElo "1879"]
[BlackElo "1552"]
[PlyCount "119"]
[EventDate "2021.02.08"]
[EventType "swiss"]
[EventRounds "9"]
[EventCountry "ESP"]
[SourceTitle "Ajedrez en Madrd"]
[Source "lmi"]
[SourceDate "2021.02.08"]
[SourceVersion "1"]
[SourceVersionDate "2021.03.04"]
[SourceQuality "1"]

1. d4 Nf6 2. Bf4 g6 3. Nf3 Bg7 4. h3 d6 5. e3 O-O 6. Be2 Nc6 7. O-O e5 8. dxe5
Ne4 9. c3 dxe5 10. Bh2 Qe7 11. Nbd2 Nd6 12. Nc4 Ne4 13. Qc2 Bf5 14. g4 Ng3 15.
gxf5 Nxf1 16. Bxf1 e4 17. Nd4 Qg5+ 18. Bg2 Bxd4 19. Bf4 Qxf5 20. cxd4 Nxd4 21.
Qxe4 Ne2+ 22. Kf1 Qxe4 23. Bxe4 Nxf4 24. exf4 c6 25. Na5 Rae8 26. Bf3 Re7 27.
Rd1 Kg7 28. Rd3 f5 29. b4 Rff7 30. Rb3 a6 31. a4 Rc7 32. b5 cxb5 33. axb5 Rc1+
34. Kg2 b6 35. bxa6 Ra1 36. Nc4 Rxa6 37. Nxb6 Ra2 38. Nd5 Rd7 39. h4 Rd2 40.
Ne3 Ra7 41. Bd5 Rd7 42. Rb5 Rd4 43. Kg3 Kf6 44. Rb6+ Kg7 45. Bf3 R4d6 46. Rb5
Rd2 47. h5 Ra7 48. Rb6 Raa2 49. h6+ Kf8 50. Rb8+ Ke7 51. Rb7+ Kf6 52. Rxh7 Rxf2
53. Bd5 g5 54. Rf7+ Kg6 55. Rg7+ Kf6 56. fxg5+ Ke5 57. Bxa2 Rxa2 58. Re7+ Kd6
59. Nxf5+ Kd5 60. g6 1-0

[Event "Madrid-ch 2020-2021 - Previa A"]
[Site "Madrid ESP"]
[Date "2021.02.08"]
[Round "1.6"]
[White "Rico Jimenez, Samuel"]
[Black "Hernandez Brea, Rolando"]
[Result "1-0"]
[WhiteElo "1834"]
[BlackElo "1455"]
[PlyCount "63"]
[EventDate "2021.02.08"]
[EventType "swiss"]
[EventRounds "9"]
[EventCountry "ESP"]
[SourceTitle "Ajedrez en Madrd"]
[Source "lmi"]
[SourceDate "2021.02.08"]
[SourceVersion "1"]
[SourceVersionDate "2021.03.04"]
[SourceQuality "1"]

1. e4 e5 2. Nc3 Nc6 3. Nf3 Bc5 4. Nxe5 Bxf2+ 5. Kxf2 Nxe5 6. d4 Qf6+ 7. Ke1 Nc6
8. Be3 d6 9. Qf3 Nxd4 10. Qxf6 Nxc2+ 11. Kd2 Nxf6 12. Kxc2 Be6 13. Bb5+ c6 14.
Be2 O-O 15. Rad1 Rfd8 16. Bg5 Rd7 17. Bxf6 gxf6 18. Rhf1 Kg7 19. Rd3 Rad8 20.
Rg3+ Kh8 21. Rxf6 a6 22. Rh6 d5 23. Bd3 dxe4 24. Bxe4 f5 25. Rxe6 fxe4 26. Nxe4
Rd5 27. Re7 R5d7 28. Rxd7 Rxd7 29. Rg8+ Kxg8 30. Nf6+ Kf7 31. Nxd7 Ke7 32. Nc5
1-0

[Event "Madrid-ch 2020-2021 - Previa A"]
[Site "Madrid ESP"]
[Date "2021.02.08"]
[Round "1.7"]
[White "Martin Garcia, Francisco Javier"]
[Black "Pashov, Spas Nikolov"]
[Result "1-0"]
[WhiteElo "1446"]
[BlackElo "1819"]
[PlyCount "64"]
[EventDate "2021.02.08"]
[EventType "swiss"]
[EventRounds "9"]
[EventCountry "ESP"]
[SourceTitle "Ajedrez en Madrd"]
[Source "lmi"]
[SourceDate "2021.02.08"]
[SourceVersion "1"]
[SourceVersionDate "2021.03.04"]
[SourceQuality "1"]

1. d4 Nf6 2. c4 g6 3. g3 Bg7 4. Bg2 d5 5. Nf3 c6 6. O-O O-O 7. Nc3 b6 8. cxd5
cxd5 9. Ne5 Bb7 10. Bf4 Nh5 11. Be3 e6 12. Qd2 Nc6 13. Nxc6 Bxc6 14. Rac1 Re8
15. h4 Qd7 16. Bh6 Bh8 17. g4 Nf6 18. Qf4 e5 19. dxe5 Nxg4 20. Bh3 Bxe5 21.
Qxg4 Qd6 22. f4 f5 23. Qg3 Bd4+ 24. Kh2 Re3 25. Rf3 Rae8 26. Bxf5 Bc5 27. b4
Rxf3 28. bxc5 Rxg3 29. cxd6 Rge3 30. Bd3 d4 31. Nd1 Rxe2+ 32. Bxe2 Rxe2+ 1-0

[Event "Madrid-ch 2020-2021 - Previa A"]
[Site "Madrid ESP"]
[Date "2021.02.08"]
[Round "1.8"]
[White "Torres Rebolledo, Victor"]
[Black "De Fuenmayor Fernandez de la , Carlos Pablo"]
[Result "1-0"]
[WhiteElo "1818"]
[BlackElo "1386"]
[PlyCount "59"]
[EventDate "2021.02.08"]
[EventType "swiss"]
[EventRounds "9"]
[EventCountry "ESP"]
[SourceTitle "Ajedrez en Madrd"]
[Source "lmi"]
[SourceDate "2021.02.08"]
[SourceVersion "1"]
[SourceVersionDate "2021.03.04"]
[SourceQuality "1"]

1. c4 c6 2. d4 Nf6 3. Nc3 d5 4. cxd5 cxd5 5. Bf4 a6 6. e3 Bg4 7. Qb3 b5 8. a4
Qa5 9. Bd3 e6 10. f3 Bh5 11. Nge2 Bb4 12. O-O Bxc3 13. bxc3 b4 14. cxb4 Qd8 15.
b5 O-O 16. b6 Nbd7 17. Rfb1 e5 18. Bxe5 Nxe5 19. dxe5 Nd7 20. b7 Rb8 21. Qxd5
Nc5 22. Bxh7+ Kxh7 23. Qxc5 Qg5 24. Ng3 Bg6 25. Rb4 Rfd8 26. Rg4 Rd5 27. Qxd5
Qxe3+ 28. Kh1 Bd3 29. Qxf7 Qxe5 30. Rh4+ 1-0

[Event "Madrid-ch 2020-2021 - Previa A"]
[Site "Madrid ESP"]
[Date "2021.02.08"]
[Round "1.9"]
[White "Giron Herranz, Ivan"]
[Black "Huerto Moreno, Jorge"]
[Result "0-1"]
[WhiteElo "1380"]
[BlackElo "1796"]
[PlyCount "68"]
[EventDate "2021.02.08"]
[EventType "swiss"]
[EventRounds "9"]
[EventCountry "ESP"]
[SourceTitle "Ajedrez en Madrd"]
[Source "lmi"]
[SourceDate "2021.02.08"]
[SourceVersion "1"]
[SourceVersionDate "2021.03.04"]
[SourceQuality "1"]

1. d4 Nf6 2. Nf3 g6 3. Bf4 Bg7 4. e3 d6 5. Bd3 c5 6. c3 O-O 7. Nbd2 Nc6 8. h3
e5 9. Bh2 exd4 10. cxd4 cxd4 11. exd4 Re8+ 12. Be2 Qe7 13. Bf4 Nd5 14. Bg5 f6
15. Be3 Kh8 16. Nf1 Bf5 17. a3 Be4 18. g3 f5 19. Rh2 Nxe3 20. fxe3 Bxf3 21.
Bxf3 Nxd4 22. Rd2 Nxf3+ 23. Qxf3 Rac8 24. Kf2 Rc6 25. Re1 Rec8 26. Qe2 Be5 27.
h4 Rb6 28. Nh2 Qf6 29. b4 Re8 30. Rc1 f4 31. Ng4 fxe3+ 32. Kg2 exd2 33. Nxf6
dxc1=Q 34. Nxe8 Qb2 0-1

[Event "Madrid-ch 2020-2021 - Previa A"]
[Site "Madrid ESP"]
[Date "2021.02.08"]
[Round "1.10"]
[White "Giron Herranz, Juan"]
[Black "Darrazi Anbari, Munir"]
[Result "1/2-1/2"]
[WhiteElo "1796"]
[BlackElo "1376"]
[PlyCount "54"]
[EventDate "2021.02.08"]
[EventType "swiss"]
[EventRounds "9"]
[EventCountry "ESP"]
[SourceTitle "Ajedrez en Madrd"]
[Source "lmi"]
[SourceDate "2021.02.08"]
[SourceVersion "1"]
[SourceVersionDate "2021.03.04"]
[SourceQuality "1"]

1. d4 Nf6 2. Bg5 e6 3. e4 h6 4. Bxf6 Qxf6 5. Nf3 d5 6. e5 Qd8 7. Bd3 c5 8. c3
Nc6 9. O-O Qb6 10. Qb3 Qxb3 11. axb3 cxd4 12. Nxd4 Nxe5 13. Bb5+ Bd7 14. Bxd7+
Kxd7 15. f4 Nc6 16. Nf3 Bc5+ 17. Kh1 Bd6 18. g3 b5 19. Nbd2 a5 20. c4 bxc4 21.
bxc4 Rhb8 22. cxd5 exd5 23. b3 Re8 24. Rac1 Bb4 25. Rc2 Bxd2 26. Rxd2 Re3 27.
Rxd5+ Ke8 1/2-1/2

[Event "Madrid-ch 2020-2021 - Previa A"]
[Site "Madrid ESP"]
[Date "2021.02.08"]
[Round "1.11"]
[White "Torres Rebolledo, Marcos"]
[Black "Vega de Alba, Miguel"]
[Result "0-1"]
[WhiteElo "1334"]
[BlackElo "1759"]
[PlyCount "46"]
[EventDate "2021.02.08"]
[EventType "swiss"]
[EventRounds "9"]
[EventCountry "ESP"]
[SourceTitle "Ajedrez en Madrd"]
[Source "lmi"]
[SourceDate "2021.02.08"]
[SourceVersion "1"]
[SourceVersionDate "2021.03.04"]
[SourceQuality "1"]

1. e4 c5 2. c3 Nf6 3. e5 Nd5 4. d4 cxd4 5. Nf3 d6 6. exd6 Qxd6 7. cxd4 Nc6 8.
Nc3 Bg4 9. Be3 e6 10. h3 Bh5 11. Be2 Be7 12. O-O O-O 13. Qb3 Nxe3 14. fxe3 Bd8
15. Qxb7 Rb8 16. Qa6 Rb6 17. Qd3 Bxf3 18. Rxf3 Rxb2 19. Ne4 Qb4 20. Rg3 Qb8 21.
Bf3 f5 22. Nc5 Qxg3 23. Bxc6 Bc7 0-1

[Event "Madrid-ch 2020-2021 - Previa A"]
[Site "Madrid ESP"]
[Date "2021.02.08"]
[Round "1.12"]
[White "Sanchez Romeralo, Jaime"]
[Black "Torres Rebolledo, Alvaro"]
[Result "1-0"]
[WhiteElo "1755"]
[BlackElo "1251"]
[PlyCount "75"]
[EventDate "2021.02.08"]
[EventType "swiss"]
[EventRounds "9"]
[EventCountry "ESP"]
[SourceTitle "Ajedrez en Madrd"]
[Source "lmi"]
[SourceDate "2021.02.08"]
[SourceVersion "1"]
[SourceVersionDate "2021.03.04"]
[SourceQuality "1"]

1. e4 e5 2. Nf3 Nc6 3. Bc4 Bc5 4. O-O Nf6 5. d3 d6 6. c3 O-O 7. b4 Bb6 8. a4 a5
9. b5 Ne7 10. h3 Ng6 11. Be3 Ba7 12. Re1 Bxe3 13. fxe3 Be6 14. Qb3 Bxc4 15.
Qxc4 b6 16. Nbd2 Qe7 17. Rac1 Rac8 18. Kh2 Nd7 19. d4 Kh8 20. Nf1 f5 21. exf5
Rxf5 22. Ng3 Rff8 23. Rf1 Nh4 24. Nxh4 Qxh4 25. Rxf8+ Nxf8 26. Rf1 Ng6 27. Rf7
Rf8 28. Rxf8+ Nxf8 29. Qxc7 exd4 30. Qxd6 Kg8 31. cxd4 h6 32. Qxb6 Qg5 33. e4
Ng6 34. Qe6+ Kh7 35. Qf5 Qe3 36. h4 Qxd4 37. h5 Qxa4 38. hxg6+ 1-0

[Event "Madrid-ch 2020-2021 - Previa A"]
[Site "Madrid ESP"]
[Date "2021.02.09"]
[Round "2.1"]
[White "Morera Rodriguez, Ignacio"]
[Black "Torres Rebolledo, Victor"]
[Result "1/2-1/2"]
[WhiteElo "1924"]
[BlackElo "1818"]
[PlyCount "105"]
[EventDate "2021.02.08"]
[EventType "swiss"]
[EventRounds "9"]
[EventCountry "ESP"]
[SourceTitle "Ajedrez en Madrd"]
[Source "lmi"]
[SourceDate "2021.02.08"]
[SourceVersion "1"]
[SourceVersionDate "2021.03.04"]
[SourceQuality "1"]

1. d4 d5 2. Nf3 Nf6 3. c4 e6 4. Qc2 Be7 5. g3 O-O 6. Bg2 dxc4 7. O-O b5 8. a4
b4 9. Ne5 Qxd4 10. Bxa8 Qxe5 11. Bg2 Ba6 12. Bf4 Qa5 13. Nd2 b3 14. Qc1 Qb4 15.
e4 Nbd7 16. Nf3 Nxe4 17. Nd4 Bb7 18. Re1 Ndf6 19. Be5 Qc5 20. Bxf6 Bxf6 21.
Bxe4 Bxe4 22. Rxe4 Bxd4 23. Qd2 e5 24. Rc1 Rb8 25. Kg2 g6 26. Qh6 Bxb2 27.
Rexc4 Qd5+ 28. f3 Rd8 29. Rxc7 Qd2+ 30. Qxd2 Rxd2+ 31. Kh3 Bd4 32. Re1 b2 33.
Rb1 h5 34. Rb7 g5 35. f4 f6 36. fxg5 fxg5 37. Rh1 Be3 38. g4 Bf4 39. gxh5 Rc2
40. Rb1 Bc1 41. Kg4 e4 42. h6 Rxh2 43. Kf5 Rxh6 44. R1xb2 Bxb2 45. Rxb2 Rb6 46.
Rg2 Rb4 47. Rxg5+ Kf7 48. Rg4 Rxa4 49. Rxe4 Ra1 50. Ke5 a5 51. Kd4 a4 52. Kc3
a3 53. Kb3 1/2-1/2

[Event "Madrid-ch 2020-2021 - Previa A"]
[Site "Madrid ESP"]
[Date "2021.02.09"]
[Round "2.2"]
[White "Huerto Moreno, Jorge"]
[Black "Pujante Martinez, Rafael"]
[Result "1-0"]
[WhiteElo "1796"]
[BlackElo "1911"]
[PlyCount "63"]
[EventDate "2021.02.08"]
[EventType "swiss"]
[EventRounds "9"]
[EventCountry "ESP"]
[SourceTitle "Ajedrez en Madrd"]
[Source "lmi"]
[SourceDate "2021.02.08"]
[SourceVersion "1"]
[SourceVersionDate "2021.03.04"]
[SourceQuality "1"]

1. e4 e6 2. b3 d5 3. Bb2 a6 4. exd5 exd5 5. Nf3 Nf6 6. Qe2+ Be7 7. Bxf6 gxf6 8.
Nc3 Nc6 9. O-O-O Qd6 10. Qd3 d4 11. Nb1 Qc5 12. Qc4 Qd6 13. c3 Be6 14. Qa4 Kd7
15. b4 d3 16. Re1 b5 17. Rxe6 fxe6 18. Qb3 a5 19. a3 a4 20. Qd1 e5 21. g3 e4
22. Bh3+ Kd8 23. Nh4 Ne5 24. Nf5 Qd5 25. Nd4 Ra6 26. Kb2 Bxb4 27. axb4 Nc4+ 28.
Ka1 a3 29. Qg4 Nb6 30. Ne6+ Ke7 31. Qg7+ Kd6 32. Qxc7# 1-0

[Event "Madrid-ch 2020-2021 - Previa A"]
[Site "Madrid ESP"]
[Date "2021.02.09"]
[Round "2.3"]
[White "Gutierrez Diaz, Pablo"]
[Black "Sanchez Romeralo, Jaime"]
[Result "1/2-1/2"]
[WhiteElo "1879"]
[BlackElo "1755"]
[PlyCount "106"]
[EventDate "2021.02.08"]
[EventType "swiss"]
[EventRounds "9"]
[EventCountry "ESP"]
[SourceTitle "Ajedrez en Madrd"]
[Source "lmi"]
[SourceDate "2021.02.08"]
[SourceVersion "1"]
[SourceVersionDate "2021.03.04"]
[SourceQuality "1"]

1. e4 e6 2. d4 d5 3. Nd2 Nf6 4. e5 Nfd7 5. f4 c5 6. dxc5 Bxc5 7. Ngf3 Qb6 8.
Qe2 Nc6 9. Nb3 Be7 10. Be3 Qc7 11. c3 a5 12. Nbd4 Nxd4 13. Nxd4 b6 14. Qg4 O-O
15. Nxe6 fxe6 16. Qxe6+ Rf7 17. Qxd5 Bb7 18. Qc4 Bh4+ 19. g3 Bxg3+ 20. hxg3
Nxe5 21. Qxc7 Rxc7 22. Rh5 Nc4 23. Bd4 Re8+ 24. Kf2 Nd6 25. Bd3 Ne4+ 26. Bxe4
Rxe4 27. Rd1 Rd7 28. Re1 Rxe1 29. Kxe1 Bd5 30. Bxb6 a4 31. a3 g6 32. Re5 Kf7
33. Bd4 Re7 34. Kd2 Rxe5 35. Bxe5 Bc4 36. Ke3 h5 37. Kd4 Bb3 38. c4 Ke6 39. Kc5
Kd7 40. Kb5 Kc8 41. c5 Kb7 42. c6+ Kc8 43. Kc5 Kd8 44. Kd6 Kc8 45. Ke7 Bd5 46.
Kf6 Be4 47. b4 axb3 48. a4 b2 49. Bxb2 Kc7 50. Bd4 Kxc6 51. Ke6 Kb7 52. Bc5 Bc2
53. Kf6 Bd3 1/2-1/2

[Event "Madrid-ch 2020-2021 - Previa A"]
[Site "Madrid ESP"]
[Date "2021.02.09"]
[Round "2.4"]
[White "Tapia Sanchez, Jose Manuel"]
[Black "Vukotic Jovsic, Dragan"]
[Result "0-1"]
[WhiteElo "1738"]
[BlackElo "1879"]
[PlyCount "62"]
[EventDate "2021.02.08"]
[EventType "swiss"]
[EventRounds "9"]
[EventCountry "ESP"]
[SourceTitle "Ajedrez en Madrd"]
[Source "lmi"]
[SourceDate "2021.02.08"]
[SourceVersion "1"]
[SourceVersionDate "2021.03.04"]
[SourceQuality "1"]

1. f4 d5 2. Nf3 Nf6 3. e3 e6 4. c4 c5 5. b3 Nc6 6. Na3 a6 7. Bb2 d4 8. exd4
cxd4 9. Ne5 Qc7 10. Nd3 Bd6 11. g3 e5 12. c5 Be7 13. fxe5 Nxe5 14. Nxe5 Qxe5+
15. Qe2 Qxc5 16. Rc1 Bg4 17. Qg2 Qe5+ 18. Be2 Bxa3 19. Bxa3 d3 20. O-O dxe2 21.
Rfe1 Qd4+ 22. Kh1 Ne4 23. Rxe2 Bxe2 24. Qxe2 f5 25. d3 Qxd3 26. Qe1 Rd8 27. Qb4
Qf3+ 28. Kg1 Rd1+ 29. Rxd1 Qxd1+ 30. Kg2 Qe2+ 31. Kg1 Qf2+ 0-1

[Event "Madrid-ch 2020-2021 - Previa A"]
[Site "Madrid ESP"]
[Date "2021.02.09"]
[Round "2.5"]
[White "Barahona Torrijos, Angel"]
[Black "De Luna Butz, Alberto"]
[Result "1-0"]
[WhiteElo "1842"]
[BlackElo "1691"]
[PlyCount "81"]
[EventDate "2021.02.08"]
[EventType "swiss"]
[EventRounds "9"]
[EventCountry "ESP"]
[SourceTitle "Ajedrez en Madrd"]
[Source "lmi"]
[SourceDate "2021.02.08"]
[SourceVersion "1"]
[SourceVersionDate "2021.03.04"]
[SourceQuality "1"]

1. d4 e6 2. e4 d5 3. Nc3 dxe4 4. Nxe4 Bd7 5. Nf3 Bc6 6. Bd3 Nd7 7. O-O Ngf6 8.
Qe2 Nxe4 9. Bxe4 Bxe4 10. Qxe4 c6 11. Bg5 Be7 12. Bxe7 Qxe7 13. Rfe1 Nf6 14.
Qe2 O-O 15. Ne5 Rfd8 16. c3 c5 17. dxc5 Qxc5 18. Rad1 Rac8 19. Rd3 Rxd3 20.
Qxd3 Qd5 21. Qxd5 Nxd5 22. c4 Nf6 23. Rd1 Kf8 24. g4 h6 25. h4 Rc7 26. f3 Ke7
27. Kf2 Nd7 28. Rxd7+ Rxd7 29. Nxd7 Kxd7 30. f4 e5 31. fxe5 Ke6 32. b4 Kxe5 33.
Ke3 g5 34. hxg5 hxg5 35. a4 f5 36. gxf5 Kxf5 37. b5 Ke5 38. a5 g4 39. c5 a6 40.
c6 Kd6 41. cxb7 1-0

[Event "Madrid-ch 2020-2021 - Previa A"]
[Site "Madrid ESP"]
[Date "2021.02.09"]
[Round "2.6"]
[White "Martin-Buitrago Lopez, Antonio"]
[Black "Rico Jimenez, Samuel"]
[Result "0-1"]
[WhiteElo "1686"]
[BlackElo "1834"]
[PlyCount "74"]
[EventDate "2021.02.08"]
[EventType "swiss"]
[EventRounds "9"]
[EventCountry "ESP"]
[SourceTitle "Ajedrez en Madrd"]
[Source "lmi"]
[SourceDate "2021.02.08"]
[SourceVersion "1"]
[SourceVersionDate "2021.03.04"]
[SourceQuality "1"]

1. e4 d6 2. d4 e5 3. Nf3 Nc6 4. Bb5 Bd7 5. d5 Nce7 6. Bxd7+ Qxd7 7. Be3 h6 8.
Qd3 f5 9. Nc3 f4 10. Bd2 g5 11. O-O-O Bg7 12. g3 Ng6 13. h4 g4 14. h5 N6e7 15.
Nh2 f3 16. Nf1 Nf6 17. Ne3 a6 18. Rde1 b5 19. a3 O-O 20. Nb1 Rfb8 21. Ba5 c5
22. dxc6 Nxc6 23. Bb4 Nd4 24. Bc3 Ne2+ 25. Rxe2 fxe2 26. Nf5 d5 27. Bxe5 Re8
28. Bxf6 Bxf6 29. Nxh6+ Kh7 30. exd5+ Kh8 31. Qg6 Qg7 32. Qxg7+ Bxg7 33. Nf7+
Kg8 34. Kd2 Kxf7 35. Nc3 Bxc3+ 36. bxc3 Rad8 37. h6 Rxd5+ 0-1

[Event "Madrid-ch 2020-2021 - Previa A"]
[Site "Madrid ESP"]
[Date "2021.02.09"]
[Round "2.7"]
[White "Darrazi Anbari, Munir"]
[Black "Martin Garcia, Francisco Javier"]
[Result "1/2-1/2"]
[WhiteElo "1376"]
[BlackElo "1446"]
[PlyCount "117"]
[EventDate "2021.02.08"]
[EventType "swiss"]
[EventRounds "9"]
[EventCountry "ESP"]
[SourceTitle "Ajedrez en Madrd"]
[Source "lmi"]
[SourceDate "2021.02.08"]
[SourceVersion "1"]
[SourceVersionDate "2021.03.04"]
[SourceQuality "1"]

1. e4 c5 2. Nf3 d6 3. Bb5+ Nc6 4. O-O g6 5. d4 cxd4 6. Qxd4 f6 7. Rd1 e5 8. Qd3
a6 9. Ba4 Kf7 10. Bb3+ Kg7 11. a4 Nh6 12. Nc3 Nf7 13. Nd5 Ne7 14. Be3 Nxd5 15.
Qxd5 Qe7 16. Bb6 Bg4 17. Qxf7+ Qxf7 18. Bxf7 Kxf7 19. Rd3 Rc8 20. Rc1 Bxf3 21.
Rxf3 Bh6 22. Be3 Bxe3 23. Rxe3 Rc6 24. b3 Rhc8 25. c4 b5 26. axb5 axb5 27. f3
bxc4 28. bxc4 Rxc4 29. Rxc4 Rxc4 30. Ra3 Rc7 31. Kf2 Ke6 32. Ra6 h5 33. h4 g5
34. Ra8 Rc2+ 35. Kg1 gxh4 36. Rh8 d5 37. exd5+ Kxd5 38. Rh6 Ke6 39. Rxh5 Rc4
40. Rh7 Kf5 41. Rg7 e4 42. fxe4+ Rxe4 43. Kh2 Re1 44. Ra7 Kf4 45. Ra4+ Kg5 46.
Ra8 Re3 47. Rg8+ Kf4 48. Rh8 Kg5 49. Rg8+ Kf5 50. Rh8 Re4 51. Kh3 Re1 52. Rxh4
Rh1+ 53. Kg3 Rxh4 54. Kxh4 Kf4 55. g3+ Kf3 56. g4 Ke4 57. Kh5 Kf4 58. Kg6 Kxg4
59. Kxf6 1/2-1/2

[Event "Madrid-ch 2020-2021 - Previa A"]
[Site "Madrid ESP"]
[Date "2021.02.09"]
[Round "2.8"]
[White "Pashov, Spas Nikolov"]
[Black "Giron Herranz, Juan"]
[Result "0-1"]
[WhiteElo "1819"]
[BlackElo "1796"]
[PlyCount "78"]
[EventDate "2021.02.08"]
[EventType "swiss"]
[EventRounds "9"]
[EventCountry "ESP"]
[SourceTitle "Ajedrez en Madrd"]
[Source "lmi"]
[SourceDate "2021.02.08"]
[SourceVersion "1"]
[SourceVersionDate "2021.03.04"]
[SourceQuality "1"]

1. e4 c5 2. Nf3 e6 3. d4 cxd4 4. Nxd4 Nc6 5. Be3 Nf6 6. Bd3 d5 7. exd5 Nxd5 8.
Nxc6 bxc6 9. Be4 Bd7 10. Bd4 Nf6 11. Bf3 Be7 12. O-O O-O 13. c4 Qc7 14. Nc3
Rab8 15. Re1 Bd6 16. Ne4 Nxe4 17. Bxe4 f5 18. Bf3 e5 19. Bc3 e4 20. Qd4 Bxh2+
21. Kh1 Rf6 22. Bh5 Be6 23. g3 Bxg3 24. fxg3 Qxg3 25. Qg1 Qh3+ 26. Qh2 Qxh2+
27. Kxh2 Rh6 28. Kg3 Rxh5 29. b3 Kf7 30. Rad1 Ke7 31. Bd4 Rb7 32. Be5 Rg5+ 33.
Kf2 Rd7 34. Rxd7+ Bxd7 35. Rd1 Rg6 36. c5 Be6 37. Bg3 Bd5 38. Bh4+ Ke6 39. Bg3
e3+ 0-1

[Event "Madrid-ch 2020-2021 - Previa A"]
[Site "Madrid ESP"]
[Date "2021.02.09"]
[Round "2.9"]
[White "Torres Rebolledo, Alvaro"]
[Black "Villodre Miranda, Juan Alonso"]
[Result "1/2-1/2"]
[WhiteElo "1251"]
[BlackElo "1577"]
[PlyCount "120"]
[EventDate "2021.02.08"]
[EventType "swiss"]
[EventRounds "9"]
[EventCountry "ESP"]
[SourceTitle "Ajedrez en Madrd"]
[Source "lmi"]
[SourceDate "2021.02.08"]
[SourceVersion "1"]
[SourceVersionDate "2021.03.04"]
[SourceQuality "1"]

1. e4 e5 2. Nf3 d6 3. d4 exd4 4. Nxd4 Nc6 5. Bb5 Bd7 6. Nc3 Nxd4 7. Bxd7+ Qxd7
8. Qxd4 Ne7 9. Bf4 Nc6 10. Qd2 O-O-O 11. O-O-O f6 12. f3 Kb8 13. Nd5 Ne5 14.
Be3 Nc4 15. Qd3 Nxe3 16. Nxe3 Qf7 17. Kb1 g6 18. Nd5 Bg7 19. Qc4 c6 20. Ne3
Qxc4 21. Nxc4 Kc7 22. Ne3 Rhe8 23. Rhe1 Bh6 24. Ng4 Bg7 25. Ne3 Re7 26. Nc4 b5
27. Ne3 Rde8 28. c4 b4 29. g4 Bh6 30. Rd3 Bxe3 31. Rdxe3 f5 32. gxf5 gxf5 33.
Kc2 fxe4 34. Rxe4 Rxe4 35. Rxe4 Rxe4 36. fxe4 Kd7 37. Kd3 Ke6 38. a3 a5 39. a4
c5 40. b3 Kf6 41. Ke2 Kg5 42. Kf3 h5 43. Kg3 h4+ 44. Kf3 h3 45. Kg3 Kf6 46.
Kxh3 Ke5 47. Kg4 Kxe4 48. h4 d5 49. cxd5 Kxd5 50. h5 c4 51. bxc4+ Kxc4 52. h6
b3 53. h7 b2 54. h8=Q b1=Q 55. Qc8+ Kb3 56. Qb7+ Ka2 57. Qd5+ Ka3 58. Qxa5 Qe4+
59. Kg5 Qxa4 60. Qxa4+ Kxa4 1/2-1/2

[Event "Madrid-ch 2020-2021 - Previa A"]
[Site "Madrid ESP"]
[Date "2021.02.09"]
[Round "2.10"]
[White "Martinez Miura, Enrique"]
[Black "Giron Herranz, Ivan"]
[Result "1/2-1/2"]
[WhiteElo "1571"]
[BlackElo "1380"]
[PlyCount "47"]
[EventDate "2021.02.08"]
[EventType "swiss"]
[EventRounds "9"]
[EventCountry "ESP"]
[SourceTitle "Ajedrez en Madrd"]
[Source "lmi"]
[SourceDate "2021.02.08"]
[SourceVersion "1"]
[SourceVersionDate "2021.03.04"]
[SourceQuality "1"]

1. e4 c6 2. d4 d5 3. Nc3 dxe4 4. Nxe4 Bf5 5. Ng3 Bg6 6. Nf3 e6 7. Bd3 Nf6 8.
O-O Bd6 9. Re1 Bxd3 10. Qxd3 Bxg3 11. hxg3 h6 12. Bd2 a5 13. b4 a4 14. c4 O-O
15. Qc2 Nbd7 16. Rad1 b5 17. c5 Nd5 18. Ne5 Rc8 19. a3 Nxe5 20. dxe5 Rc7 21.
Qe4 Rd7 22. Qg4 Kh7 23. Qe4+ Kh8 24. Qh4 1/2-1/2